| 000 | 01270 a2200241 4500 | ||
|---|---|---|---|
| 003 | Nust | ||
| 005 | 20220802132444.0 | ||
| 010 | _a 2004053459 | ||
| 020 | _a0471699764 (cloth) | ||
| 040 | _cNust | ||
| 082 | 0 | 0 | _a620.5,THE |
| 100 | 1 |
_aTheodore, Louis. _96896 |
|
| 245 | 1 | 0 |
_aNanotechnology : _benvironmental implications and solutions / _cLouis Theodore, Robert G. Kunz ; foreword Rita D'Aquino. |
| 260 |
_aHoboken, NJ : _bJohn Wiley, _c2005. |
||
| 300 |
_axvi, 378 p. : _bill. ; _c24 cm. |
||
| 505 | _aNanotechnology/Environmental Overview (Page-1), Nanotechnology: Turning Basic Science into Reality (Page-61), AIR Issues (Page-109), Water Issues (Page-157), Solid Waste Issues (Page-201), Multimedia Analysis (Page-261), Health Risk Assessment (Page-273), Hazard Risk Assessment (Page-307), Ethical Considerations (Page-337), Future Trends (Page-349). | ||
| 650 | 0 |
_aNanotechnology. _92826 |
|
| 700 | 1 |
_aKunz, Robert G. _996292 |
|
| 856 | 4 | 1 |
_3Contributor biographical information _uhttp://www.loc.gov/catdir/enhancements/fy0618/2004053459-b.html |
| 856 | 4 | 1 |
_3Publisher description _uhttp://www.loc.gov/catdir/enhancements/fy0618/2004053459-d.html |
| 856 | 4 | 1 |
_3Table of contents only _uhttp://www.loc.gov/catdir/toc/wiley051/2004053459.html |
| 942 |
_cREF _2ddc |
||
| 999 |
_c175513 _d175513 |
||